Manual de teología dogmática
Uloženo v:
| Hlavní autor: | |
|---|---|
| Médium: | Kniha |
| Jazyk: | španělština |
| Vydáno: |
Barcelona
Herder
1969
|
| Vydání: | 6a. ed |
| Témata: | |
| Tagy: |
Přidat tag
Žádné tagy, Buďte první, kdo vytvoří štítek k tomuto záznamu!
|
MARC
| LEADER | 00000cam a2200000 a 4500 | ||
|---|---|---|---|
| 001 | UCX1472 | ||
| 003 | CL-VaPUC | ||
| 008 | 900828e19690000SP |||||||||||||||||spa|d | ||
| 082 | 0 | 4 | |a 230 |b OTT |2 21 |
| 100 | |a Ott, Ludwig |e autor |9 479236 | ||
| 245 | 1 | 0 | |a Manual de teología dogmática |
| 250 | |a 6a. ed | ||
| 300 | |a 750 p | ||
| 942 | |c BK | ||
| 945 | |d 19900828 00:00:00 | ||
| 260 | |a Barcelona |b Herder |c 1969 | ||
| 650 | 0 | |a Teología dogmática |9 313198 | |
| 583 | |a last modification |c 20170905 11:52:45 |k Rodrigo Vera | ||
| 999 | |c 222695 |d 222693 | ||
| 952 | |0 0 |1 0 |4 0 |6 230_000000000000000_OTT_1969 |7 0 |8 A |9 217804 |a BIBTEO |b BIBTEO |d 2019-11-15 |i 2866595 |o 230 OTT 1969 |p 2866595 |r 2025-01-17 |w 2019-11-15 |y BK |k ICR | ||
| 952 | |0 0 |1 0 |4 0 |6 230_000000000000000_OTT_1969 |7 0 |8 A |9 217805 |a BIBTEO |b BIBTEO |d 2019-11-15 |i 2082519 |l 1 |o 230 OTT 1969 |p 2082519 |r 2025-01-17 |s 2024-12-11 |w 2019-11-15 |y BK |k ICR | ||
| 952 | |0 0 |1 0 |4 0 |6 230_000000000000000_OTT_1969 |7 0 |8 A |9 217806 |a BIBTEO |b BIBTEO |d 2019-11-15 |i 2082527 |o 230 OTT 1969 |p 2082527 |r 2025-01-17 |w 2019-11-15 |y BK |k ICR | ||
| 952 | |0 0 |1 0 |4 0 |6 230_000000000000000_OTT_1969 |7 0 |8 A |9 217807 |a BIBTEO |b BIBTEO |d 2019-11-15 |i 4244257 |l 5 |m 1 |o 230 OTT 1969 |p 4244257 |r 2025-01-17 |s 2024-11-25 |w 2019-11-15 |y BK |k ICR | ||
| 952 | |0 0 |1 0 |3 erb |4 0 |6 230_000000000000000_OTT_1969 |7 0 |8 A |9 217808 |a BIBTEO |b BIBTEO |i 5422574 |o 230 OTT 1969 |p 5422574 |r 2025-01-17 |w 2019-11-15 |y BK |z Catalogado en:20170908 |k ICR | ||